000 00373nam a2200169Ia 4500
003 0STCL
008 150530s9999 xx 000 0 und d
040 _aSTCL
_cSTCL
100 _aVarghese, P.V.
245 _aNehruji
260 _bMathai Abraham; Ponkunnam
_c1965
300 _a0
546 _aEnglish
942 _2ddc
_cBK
999 _c62701
_d62701
005 20220125171213.0